000 00741nam a2200289Ia 4500
005 20260324113521.0
008 008 260324s9999 xx 000 0 eng d
020 _a9781003342038
037 _aEBOOK
040 _aCRL
040 _beng
040 _cCRL
041 _2eng
041 _aeng
084 _qCRL
100 _aJorge A. Schiavon; Rafael Fernández de Castro
_91147081
245 4 _aThe International Relations of California and Texas with Mexico and the World
245 0 _bCali-Tex-Mex
260 _bTaylor and Francis
260 _c2023
365 _a
365 _b220
856 _uhttp://www.taylorfrancis.com/books/9781003342038
942 _cEBOOK
999 _c1736786
_d1736786